Orders to be observed at the coronation of the King and Queen : Published by order of the Duke of Norfolk, Earl Marshal of England, &c.

Bibliographic Details
Main Author: Norfolk, Henry Howard, Duke of, 1655-1701
Corporate Author: England and Wales. Earl Marshal
Format: eBook
Language:English
Published: London : printed for John Smith, bookseller in Coven-Garden, 1685.
Series:Early English books online.
Subjects:
Online Access:Connect to the full text of this electronic book

MARC

Tag First Indicator Second Indicator Subfields
LEADER 00000nam a2200000 4500
001 in00004329621
005 20200812081837.0
006 m g d
007 cr bn |||a|bb|
008 970213s1685 enk o 00| | eng d
035 |a (UnM)99834076 
037 |a CL0037000070  |b ProQuest Information and Learning. 300 N. Zeeb Rd., Ann Arbor, MI 48106 
040 |a Cu-RivES  |c Cu-RivES  |e dcrb  |d WaOLN 
100 1 |a Norfolk, Henry Howard,  |c Duke of,  |d 1655-1701. 
245 1 0 |a Orders to be observed at the coronation of the King and Queen :  |b Published by order of the Duke of Norfolk, Earl Marshal of England, &c. 
260 |a London :  |b printed for John Smith, bookseller in Coven-Garden,  |c 1685. 
300 |a 1 online resource (1 sheet ([1] pages) 
336 |a text  |b txt  |2 rdacontent 
337 |a computer  |b c  |2 rdamedia 
338 |a online resource  |b cr  |2 rdacarrier 
500 |a Signed at end: Norfolk and Marshal, andc. 
500 |a Reproduction of the original in the Worcester College Library, Oxford. 
510 4 |a Wing (2nd edition)  |c N1232C 
533 |a Electronic reproduction.  |b Ann Arbor, Mich. :  |c UMI,  |d 1999-  |f (Early English books online)  |n Digital version of: (Early English books, 1641-1700 ; 1837:16)  |7 s1999 miun s 
600 0 0 |a James  |b II,  |c King of England,  |d 1633-1701  |x Coronation. 
600 0 0 |a Mary,  |c of Modena, Queen, consort of James II, King of England,  |d 1658-1718  |x Coronation. 
710 1 |a England and Wales.  |b Earl Marshal. 
830 0 |a Early English books online. 
856 4 0 |u http://proxy.library.tamu.edu/login?url=https://search.proquest.com/docview/2248541405  |z Connect to the full text of this electronic book  |t 0 
999 f f |s a3bf7867-b25c-3870-8a58-a488539c7ee3  |i 28d628e0-24cb-33e2-851d-d49550dccccf  |t 0 
952 f f |a Texas A&M University  |b College Station  |c Electronic Resources  |d Available Online  |t 0  |h No information provided 
998 f f |t 0  |l Available Online